Partidos políticos, redes corporativas y formación de gabinetes en Costa Rica: 1986-2010 = Political parties, corporate networks and cabinet formation in Costa Rica : 1986-2010 /
El artículo discute aspectos centrales del debate sobre partidos políticos y redes de poder, se concentra en analizar empíricamente la presencia de tales actores dentro de los partidos políticos y su presencia determinante en la formación de los gabinetes en el gobierno costarricense.
Guardado en:
| Autor principal: | |
|---|---|
| Formato: | Texto |
| Materias: | |
| Etiquetas: |
Agregar Etiqueta
Sin Etiquetas, Sea el primero en etiquetar este registro!
|
MARC
| LEADER | 00000 a a2200000 04500 | ||
|---|---|---|---|
| 001 | 44219 | ||
| 003 | |||
| 040 | |||
| 100 | |a Blanco Lizano, Randall | ||
| 245 | |a Partidos políticos, redes corporativas y formación de gabinetes en Costa Rica: 1986-2010 = |b Political parties, corporate networks and cabinet formation in Costa Rica : 1986-2010 / |c Randall Blanco Lizano | ||
| 500 | |a randall.blanco@gmail.com | ||
| 520 | |a El artículo discute aspectos centrales del debate sobre partidos políticos y redes de poder, se concentra en analizar empíricamente la presencia de tales actores dentro de los partidos políticos y su presencia determinante en la formación de los gabinetes en el gobierno costarricense. | ||
| 590 | |a RRH/FEBRERO2013 | ||
| 650 | |a 1.DEMOCRACIA | ||
| 650 | |a 2.ELITES | ||
| 650 | |a 3.PARTIDOS POLITICOS | ||
| 650 | |a 4.ESTADO | ||
| 650 | |a 5.COSTA RICA | ||
| 740 | |a Costa Rica: elecciones nacionales 2010: |b una mirada a su democracia | ||
| 773 | |g número130 ( , 2010), páginas 161-172 | ||
| 999 | |c 32139 |d 32139 | ||
| 773 | 0 | |0 18728 |9 3017 |a Universidad de Costa Rica |d San José, Costa Rica Editorial UCR 1956- |o 15060 |t Revista de Ciencias Sociales/ |x 04825276 | |
